[Event "US Masters op"]
[Site "Greensboro"]
[Date "2016.08.25"]
[Round "1"]
[White "Gauri, Shankar"]
[Black "Polavaram, Rithik S"]
[Result "1-0"]
[WhiteElo "2346"]
[BlackElo "1899"]
[PlyCount "125"]
[EventDate "2016.08.25"]
[EventType "swiss"]
[EventRounds "9"]
[EventCountry "USA"]
[SourceTitle "CBM 174 Extra"]
[Source "ChessBase"]
[SourceDate "2016.10.10"]
[SourceVersion "1"]
[SourceVersionDate "2016.10.10"]
[SourceQuality "1"]

1. e4 e5 2. Nf3 Nc6 3. Bc4 Bc5 4. c3 Nf6 5. d3 0-0 6. Nbd2 Bb6 7. 0-0 d5 8. exd5 Nxd5 9. Re1 Bg4 10. h3 Bh5 11. Ne4 Re8 12. Ng3 Bg6 13. Bb5 Qd6 14. Ne4 Qd7 15. Nh4 a6 16. Bc4 Na5 17. Nxg6 hxg6 18. b4 Nc6 19. Qf3 Nce7 20. Nc5 Bxc5 21. bxc5 c6 22. Rxe5 Nf5 23. Rxe8+ Rxe8 24. Bd2 Nf6 25. Bg5 Nh7 26. Bf4 Qe7 27. d4 Nf8 28. Rb1 Rd8 29. Be5 Rd7 30. g3 Qe8 31. Re1 Re7 32. Re2 Nd7 33. Bf4 Rxe2 34. Qxe2 Qxe2 35. Bxe2 Ne7 36. Bf3 Nd5 37. Bd2 f5 38. Kf1 Kf7 39. Ke2 Ke6 40. Kd3 Nc7 41. Bf4 Nd5 42. Bd2 Nc7 43. Bd1 Nd5 44. c4 Ne7 45. Bf3 Nf6 46. Bg5 Nh7 47. Bf4 Nf6 48. Kc3 Nd7 49. Kb4 Nf6 50. Ka5 Nd7 51. Bd6 Nc8 52. d5+ cxd5 53. Bxd5+ Kf6 54. Bxb7 Ke6 55. Bxc8 g5 56. Kxa6 g4 57. hxg4 fxg4 58. Bxd7+ Kxd7 59. Kb7 Ke6 60. Bf4 Kd7 61. c6+ Ke7 62. c7 Kf7 63. c8Q 1-0

[Event "Windsor NAYCC U16"]
[Site "Windsor"]
[Date "2016.08.10"]
[Round "6.46"]
[White "Polavaram, Rithik S"]
[Black "Zhang, Jeff"]
[Result "1-0"]
[WhiteElo "1899"]
[BlackElo "1907"]
[PlyCount "71"]
[EventDate "2016.08.07"]
[EventType "swiss"]
[EventRounds "9"]
[EventCountry "CAN"]
[SourceTitle "EXT 2022"]
[Source "ChessBase"]
[SourceDate "2021.10.06"]
[SourceVersion "1"]
[SourceVersionDate "2021.10.06"]
[SourceQuality "1"]

1. d4 Nf6 2. c4 g6 3. Nc3 Bg7 4. e4 d6 5. Nf3 0-0 6. Be2 e5 7. 0-0 Nc6 8. d5 Ne7 9. b4 Nd7 10. Be3 h6 11. Qd2 Kh7 12. Ne1 f5 13. f3 f4 14. Bf2 g5 15. Rc1 Ng6 16. c5 Nf6 17. cxd6 cxd6 18. Nb5 Rf7 19. Nxa7 Rxa7 20. Bxa7 h5 21. Qc2 Bd7 22. Qc7 Qf8 23. Qb8 Qe7 24. Bb6 Rf8 25. Qxb7 g4 26. Rc7 Rd8 27. Bb5 Nh4 28. Rxd7 Rxd7 29. Bxd7 Nxd7 30. Bf2 Bf6 31. a4 gxf3 32. Bxh4 Bxh4 33. Nxf3 Bf6 34. a5 h4 35. Kh1 Qe8 36. a6 1-0

[Event "Windsor NAYCC U16"]
[Site "Windsor"]
[Date "2016.08.09"]
[Round "4.42"]
[White "Polavaram, Rithik S"]
[Black "Daggupati, Balaji"]
[Result "0-1"]
[WhiteElo "1899"]
[BlackElo "1932"]
[PlyCount "136"]
[EventDate "2016.08.07"]
[EventType "swiss"]
[EventRounds "9"]
[EventCountry "CAN"]
[SourceTitle "EXT 2022"]
[Source "ChessBase"]
[SourceDate "2021.10.06"]
[SourceVersion "1"]
[SourceVersionDate "2021.10.06"]
[SourceQuality "1"]

1. d4 d5 2. c4 c6 3. Nc3 Nf6 4. e3 e6 5. Nf3 Nbd7 6. Qc2 Bd6 7. Bd3 0-0 8. 0-0 dxc4 9. Bxc4 b5 10. Bd3 Bb7 11. Ne4 Nxe4 12. Bxe4 Nf6 13. Bd3 h6 14. e4 Be7 15. Qe2 c5 16. dxc5 Bxc5 17. e5 Ng4 18. Bxb5 f6 19. Qc4 Bxf2+ 20. Kh1 f5 21. Qxe6+ Kh8 22. Bc6 Qb6 23. Bd5 Qxe6 24. Bxe6 Ba6 25. Rd1 Bb6 26. Rd5 Bc4 27. h3 Nf2+ 28. Kh2 Rae8 29. b3 Bxd5 30. Bxd5 Bc7 31. Ba3 Rf6 32. Kg1 Ra6 33. Bf7 Bxe5 34. Nxe5 Rxe5 35. Bb2 Re2 36. Bc4 Nxh3+ 37. Kh1 Rxb2 38. Bxa6 Nf4 39. Bb7 g5 40. Ba8 Kg7 41. a4 Rxb3 42. Rc1 g4 43. g3 Rxg3 44. Rf1 Ne2 45. Rxf5 Ra3 46. Ra5 Kf6 47. Ra6+ Kg5 48. Rxa7 Kh4 49. Kg2 Ra2 50. Kf1 Nc3 51. a5 Kg3 52. Ke1 Nb5 53. Rh7 Rxa5 54. Bc6 Nd4 55. Be8 Re5+ 56. Kd1 Rxe8 57. Rxh6 Kf2 58. Rf6+ Nf3 59. Rg6 g3 60. Kc2 g2 61. Rg4 g1Q 62. Rxg1 Nxg1 63. Kd3 Ne2 64. Kd2 Re3 65. Kd1 Rc3 66. Kd2 Kf3 67. Kd1 Ke3 68. Ke1 Rc1# 0-1